000 00610cam a2200205 a 4500
001 000018666
005 20200929165834.0
008 790716s1978 cr 000 f spa d
035 _a(DLC) 79104433
040 _aDO-SdBNP
_cDLC
_dDLC
_dBNPHU
082 _aCa863.44
_bD911p
100 1 _aDuncan, Quince,
_d1940-
_940321
245 1 3 _aLa paz del pueblo /
_cQuince Duncan.
260 _aSan José :
_bCosta Rica,
_c1978.
300 _a193 p. ;
_c18 cm.
650 4 _aNovela costarricense
_911840
650 4 _aLiteratura costarricense
_ySIGLO XX
_922789
910 _aCatalogación derivada / LC
049 _aBNGR
999 _c18186
_d18186